| 000 | 00473cam a2200181ua 4500 | ||
|---|---|---|---|
| 003 | OSt | ||
| 008 | 240217b |||||||| |||| 00| 0 eng d | ||
| 020 | _a81 224 0262 3 | ||
| 041 | _aeng | ||
| 082 |
_a641.1 _bMUD/FU |
||
| 100 |
_aMudambi, Sumati R . _96066 |
||
| 245 | _aFundamentals of food and nutrities / | ||
| 250 | _a3rd ed. | ||
| 260 |
_aNew Delhi : _bNew Age International Ltd , _c1990. |
||
| 300 | _a304 ; . | ||
| 700 | 1 |
_aRajagopal, M. V _96068 |
|
| 942 | _cBK | ||
| 999 |
_c4746 _d4746 |
||